00429nmm a2200145Ia 4500008004100000020001800041041000800059100003000067245003400097264004200131300001800173490001900191650002200210856005100232251105s9999||||xx |||||||||||||||||und|| a9788416396719 aspa aGuelbenzu, José María 0aLos poderosos lo quieren todo a[Madrid, España] :bSiruela, c2016 a238 páginas aNuevos tiempos aSpanish narrative uhttps://public.digitaliapublishing.com/a/44769